| 000 | 00000nam 2200000za 4500 |
| 001 | 9.687338 |
| 003 | CaOODSP |
| 005 | 20210624230931 |
| 007 | cr ||||||||||| |
| 008 | 150407s2004 onc|||||o f|0| 0 eng d |
| 040 | |aCaOODSP|beng |
| 043 | |an-cn--- |
| 086 | 1 |aEn49-16/3-2002E-PDF |
| 110 | 1 |aCanada.|bEnvironment Canada. |bNational Pollutant Release Inventory. |
| 245 | 10|aNational overview – National Pollutant Release Inventory, 2002 |h[electronic resource] : |bon-site releases of NPRI pollutants. |
| 260 | |aOttawa : |bEnvironment Canada, |c[2004]. |
| 300 | |a24 p. : |bgraph, references, tables. |
| 500 | |a"Canadian Environmental Protection Act, 1999." The catalogue number (En49-16/3-2002E) and the ISBN (0-662-37188-7) for the print edition have been incorrectly printed in this electronic edition. |
| 520 | 3 |aThe National Pollutant Release Inventory (NPRI) is a legislated inventory of pollutants released into the environment. In 2002, 2595 facilities submitted reports of on-site releases; total on-site releases were estimated at just more than 200 000 tonnes. This reports details the percentage of pollutants released into the air, land, and water; the pollutants released in the largest quantities; and the industrial sectors releasing the largest quantities of pollutants. |
| 590 | |a05-08|b2005-02-25 |
| 690 | 07|aPollutants|2gcpds |
| 775 | 08|tCompte rendu national – Inventaire national des rejets de polluants, 2002 |w(CaOODSP)9.631792 |
| 776 | 0#|tNational overview – National Pollutant Release Inventory, 2002 : |w(CaOODSP)9.649318 |
| 795 | |t2001 national overview – National Pollutant Release Inventory |w(CaOODSP)9.696138 |
| 856 | 40|ahttp://publications.gc.ca|qPDF|s752 KB|uhttps://publications.gc.ca/collections/Collection/En49-16-3-2002E.pdf |